Blood work /

Bibliographic Details
Main Author: Connelly, Michael
Format: Book
Published: New York: Warner Books, 1998.
Subjects:
LEADER 00445cam a2200181 7i4500
001 0000017780
005 20151104090000.0
005 ##20151104121100.0
003 ##MY-KlINT
020 # # |a 0446602620  
039 # 9 |y 201511041211  |z VLOAD 
090 0 0 |a F   |b CON 
100 1 # |a Connelly, Michael 
245 1 0 |a Blood work /   |c by Michael Connelly. 
260 # # |a New York:   |b Warner Books,   |c 1998. 
300 # # |a 498p.;   |c 18cm. 
650 # 0 |a Fiction  
650 # 0 |a English fiction